<?xml version="1.0" encoding="UTF-8"?>
<record
    xmlns:xsi="http://www.w3.org/2001/XMLSchema-instance"
    xsi:schemaLocation="http://www.loc.gov/MARC21/slim http://www.loc.gov/standards/marcxml/schema/MARC21slim.xsd"
    xmlns="http://www.loc.gov/MARC21/slim">

  <leader>01944nam a2200253uu 4500</leader>
  <controlfield tag="001">1435117</controlfield>
  <controlfield tag="005">20260508090422.0</controlfield>
  <controlfield tag="008">160303s2014                        spa  </controlfield>
  <datafield tag="020" ind1=" " ind2=" ">
    <subfield code="a">9772357585004</subfield>
  </datafield>
  <datafield tag="035" ind1=" " ind2=" ">
    <subfield code="a">1435117</subfield>
  </datafield>
  <datafield tag="040" ind1=" " ind2=" ">
    <subfield code="c">comduadb</subfield>
  </datafield>
  <datafield tag="041" ind1=" " ind2=" ">
    <subfield code="a">spa</subfield>
  </datafield>
  <datafield tag="082" ind1=" " ind2="4">
    <subfield code="a">333</subfield>
  </datafield>
  <datafield tag="110" ind1="2" ind2="0">
    <subfield code="a">Congreso Internacional de Miner&#xED;a y Petr&#xF3;leo (9 : 2014 : Bogot&#xE1;, Colombia)</subfield>
    <subfield code="4">aut</subfield>
    <subfield code="e">aut</subfield>
    <subfield code="9">834089</subfield>
  </datafield>
  <datafield tag="245" ind1="1" ind2="0">
    <subfield code="a">Memorias: IX Congreso Internacional de Miner&#xED;a y Petr&#xF3;leo</subfield>
  </datafield>
  <datafield tag="260" ind1=" " ind2=" ">
    <subfield code="a">Bogot&#xE1; :</subfield>
    <subfield code="b">Fondo de Publicaciones Universidad Sergio Arboleda,</subfield>
    <subfield code="c">2014.</subfield>
  </datafield>
  <datafield tag="300" ind1=" " ind2=" ">
    <subfield code="a">235 p&#xE1;ginas</subfield>
  </datafield>
  <datafield tag="505" ind1=" " ind2=" ">
    <subfield code="a">CONTENIDO : Presentaci&#xF3;n Instalaci&#xF3;n. -- M&#xF3;dulo 1 : La renta minera y petrolera. -- La participaci&#xF3;n de la industria extractiva en el desarrollo econ&#xF3;mico. -- Impactos de la renta petrolera y minera en la econom&#xED;a de los pa&#xED;ses. -- La renta minera y petrolera como factor de crecimiento de otros sectores empresariales. -- &#xBF;C&#xF3;mo impulsar el crecimiento y la sostenibilidad en el tiempo de las industrias minera y petrolera?. --  M&#xF3;dulo 2 : Territorio y entorno social Seguridad y actividad estrat&#xE9;gica. -- Estrategia gubernamental para la prevenci&#xF3;n de incidentes por conflictividad social. -- Los actores y sus visiones: propuestas para una agenda compartida. -- M&#xF3;dulo 3 : El modelo de licenciamiento ambiental enfocado a la calidad de la gesti&#xF3;n p&#xFA;blica y privada. -- Modelos de licenciamiento ambiental. Visi&#xF3;n internacional. -- Modelos de licenciamiento ambiental: la experiencia internacional. -- Oportunidades frente al modelo de licenciamiento ambiental colombiano. -- Clausura.</subfield>
  </datafield>
  <datafield tag="650" ind1=" " ind2=" ">
    <subfield code="a">Desarrollo energ&#xE9;tico - Colombia - Congresos. conferencias, etc.</subfield>
    <subfield code="9">218635</subfield>
  </datafield>
  <datafield tag="650" ind1=" " ind2=" ">
    <subfield code="a">Industria minera - Colombia - Congresos, conferencias, etc.</subfield>
    <subfield code="9">220329</subfield>
  </datafield>
  <datafield tag="650" ind1=" " ind2=" ">
    <subfield code="a">Industria del petr&#xF3;leo - Congresos, conferencias, etc.</subfield>
    <subfield code="9">220720</subfield>
  </datafield>
  <datafield tag="700" ind1="1" ind2="0">
    <subfield code="a">Barrero Escobar, Fredy Andr&#xE9;s</subfield>
    <subfield code="4">com</subfield>
    <subfield code="e">com</subfield>
    <subfield code="9">552584</subfield>
  </datafield>
  <datafield tag="942" ind1=" " ind2=" ">
    <subfield code="c">BOOK</subfield>
  </datafield>
  <datafield tag="999" ind1=" " ind2=" ">
    <subfield code="c">730750</subfield>
    <subfield code="d">730750</subfield>
  </datafield>
  <datafield tag="952" ind1=" " ind2=" ">
    <subfield code="0">0</subfield>
    <subfield code="1">0</subfield>
    <subfield code="4">0</subfield>
    <subfield code="7">0</subfield>
    <subfield code="8">GEN</subfield>
    <subfield code="a">BC</subfield>
    <subfield code="b">BC</subfield>
    <subfield code="d">2016-03-03</subfield>
    <subfield code="e">Material adquirido por donaci&#xF3;n</subfield>
    <subfield code="g">25000.00</subfield>
    <subfield code="i">C1241021</subfield>
    <subfield code="l">0</subfield>
    <subfield code="o">333.79 C749me</subfield>
    <subfield code="p">1045526</subfield>
    <subfield code="r">2025-05-03 11:03:50</subfield>
    <subfield code="t">1</subfield>
    <subfield code="w">2023-05-03</subfield>
    <subfield code="y">BOOK</subfield>
  </datafield>
</record>
